Why technical standards are not enough for professionals working in land, property and construction and the importance of international standards on ethics (Record no. 84520)

MARC details
000 -LEADER
fixed length control field 01254cab a22002295a 4500
001 - CONTROL NUMBER
control field L158132
008 - FIXED-LENGTH DATA ELEMENTS--GENERAL INFORMATION
fixed length control field 140821e2014 xxk 000 0 eng d
035 ## - SYSTEM CONTROL NUMBER
System control number (Sirsi) u158132
041 0# - LANGUAGE CODE
Language code of text/sound track or separate title eng
100 1# - MAIN ENTRY--PERSONAL NAME
Personal name Strong, Gary
245 00 - TITLE STATEMENT
Title Why technical standards are not enough for professionals working in land, property and construction and the importance of international standards on ethics
Medium [electronic resource]
260 ## - PUBLICATION, DISTRIBUTION, ETC.
Date of publication, distribution, etc. 2014
490 ## - SERIES STATEMENT
Series statement FIG Article of the Month
Volume/sequential designation August 2014
520 ## - SUMMARY, ETC.
Summary, etc. Explores the opportunities and very real benefits that could be afforded not only to professionals working in land, property and construction but also to clients, the public and society more generally by the setting, promotion and monitoring of international standards on ethics. Paper presented to the FIG Conference 2014.
520 ## - SUMMARY, ETC.
Summary, etc. RICS is meeting with a number of professional organisation at the UN in October 2014 with view to draw up an International Ethics Standard.
590 ## - LOCAL NOTE (RLIN)
Local note KA
651 #4 - SUBJECT ADDED ENTRY--GEOGRAPHIC NAME
Geographic name International
690 ## - LOCAL SUBJECT ADDED ENTRY--TOPICAL TERM (OCLC, RLIN)
Topical term or geographic name as entry element Business and management
700 1# - ADDED ENTRY--PERSONAL NAME
Personal name Pilling, David
856 40 - ELECTRONIC LOCATION AND ACCESS
Uniform Resource Identifier <a href="https://fig.net/resources/monthly_articles/2014/strong_pilling_august_2014.asp">https://fig.net/resources/monthly_articles/2014/strong_pilling_august_2014.asp</a>
Public note View this item free of charge at www.fig.net
942 ## - ADDED ENTRY ELEMENTS (KOHA)
Suppress in OPAC 0
Holdings
Withdrawn status Lost status Source of classification or shelving scheme Damaged status Not for loan Home library Current library Shelving location Date acquired Total Checkouts Full call number Barcode Date last seen Copy number Price effective from Koha item type
    Dewey Decimal Classification     Virtual Virtual Online 21/08/2014   ONLINE PUBLICATION 158132-2001 06/08/2019 1 06/08/2019 Journal article